| 000 | 01416nam a22002657a 4500 | ||
|---|---|---|---|
| 008 | 100809s2002 xxu||||| |||| 00| 0 ara d | ||
| 082 |
_222 _a210.91531 _bط هـ ط |
||
| 100 | 1 |
_917311 _aالطهطاوى ، رفاعة |
|
| 245 |
_aالمرشد الأمين للبنات والبنين / _cرفاعة الطهطاوى ؛ تقديم عماد بدر الدين أبوغازى |
||
| 260 |
_aالقاهرة : _bالهيئة العامة لشئون المطابع الأميرية ، _c2002. |
||
| 300 |
_a395 ص ؛ _c24 سم. |
||
| 490 |
_917313 _aالمجلس الاعلى للثقافة |
||
| 541 |
_aألف باء ؛ _cشراء ؛ |
||
| 650 | 0 |
_917314 _aالإسلام _xمبادئ عامة |
|
| 650 | 0 |
_923868 _aالزواج |
|
| 650 | 0 |
_98324 _aالتربية الاسلامية |
|
| 650 | 0 |
_915411 _aالأسرة فى الإسلام |
|
| 650 | 0 |
_927129 _aالأطفال فى الإسلام |
|
| 650 | 0 |
_917315 _aالإسلام _xطرق التدريس |
|
| 653 |
_bGeneral _cSeptember2011 |
||
| 700 |
_917312 _aأبو غازى ، عماد بدر الدين |
||
| 942 |
_2ddc _cBB |
||
| 999 |
_c14650 _d14650 |
||